000 01244pam a2200337 a 4500
001 1105858
003 OSt
005 20170302125150.0
008 930429s1993 nbua b 001 1 eng
010 _a 93011205
020 _a0934988307 (pbk.) :
_c$9.95
040 _aDLC
_cDLC
_dDLC
043 _an-us-ia
050 0 0 _aPS3558.U829
_bB5 1993
082 0 0 _a813/.54
_220
100 1 _aHutchinson, Duane.
245 1 0 _aBily brothers :
_bwood carvers and clock makers /
_cDuane Hutchinson.
250 _a1st ed.
260 _aLincoln :
_bFoundation Books,
_cc1993.
300 _axxiv, 128 p. :
_bill. ;
_c22 cm.
504 _aIncludes bibliographical references (p. 113-117) and index.
600 1 0 _aBily, Joseph,
_d1880-1964
_xFiction.
600 1 0 _aBily, Frank,
_d1884-1965
_xFiction.
650 0 _aClock and watch makers
_zIowa
_zSpillville
_xFiction.
650 0 _aWood-carvers
_zIowa
_zSpillville
_xFiction.
651 0 _aSpillville (Iowa)
_xHistory
_xFiction.
655 7 _aBiographical fiction.
_2gsafd
906 _a7
_bcbc
_corignew
_d1
_eocip
_f19
_gy-gencatlg
942 _2lcc
_cBK
999 _c255947
_d255946